000 00603nam a2200229Ia 4500
003 OSt
005 20220925230421.0
006 a|||||r|||| 00| 0
007 ta
008 220923b |||||||| |||| 00| 0 eng d
020 _a9781844677160
037 _cGeneral Book
040 _aRTL
_cRTL
_beng
041 _2eng
_aeng
082 _aY:45.3L, Q1/TD1
100 _aHay Douglas
_9293623
245 0 _aAlbion's fatal tree
260 _aLondon
_bVerso
_c2011
300 _axlviii,352p
_ccm.
942 _hY:45.3L, Q1/TD1
_cGB
_2CC
999 _c585466
_d585466